00680nam a22001937a 450000500170000001000180001702000370003502000380007203500170011003700130012708200080014024500500014826000420019827000400024030000460028049000220032650000730034850500650042120180704142037.0 aENG-123372-73 c395.00 (vol. 1)a9789352833788 c330.00 (vol. 2)a9789352833795 aEN-106904-05 bDBAD/PUB a57000aBiology for NEET /ccomp. by A. Chand Experts aNew DelhibS. Chand and Companyc2018 a7361, Ram Nagar,bNew Delhie110055 a2 vols. (various paging)c27cm(pbk)bill. aobjectivse series aIt includes vol.1 & 2 practice sets- 1 to 5 and test papers- 1 to 5  aVol. 1 - Diversity in the living world Vol. 2 - Reproduction